[Event "Moscow Open E"]
[Site "Moscow RUS"]
[Date "2011.01.29"]
[Round "1"]
[White "Khismatullin, Denis"]
[Black "Talipov, Nafis"]
[Result "1-0"]
[WhiteTitle "GM"]
[WhiteElo "2649"]
[BlackElo "2074"]
[WhiteFideId "4142578"]
[BlackFideId "24120278"]
[EventDate "2011.01.29"]

1. d4 d5 2. c4 e6 3. Nf3 Nf6 4. Nc3 dxc4 5. Bg5 Be7 6. e4 c6 7. Bxc4 b5 8. Bd3
a6 9. e5 Nd5 10. Bxe7 Qxe7 11. Ne4 O-O 12. O-O f5 13. exf6 gxf6 14. Rc1 Ra7 15.
Re1 Qg7 16. Qd2 Re7 17. Bb1 Kh8 18. Nd6 Bd7 19. Re4 Be8 20. Nxe8 Rfxe8 21. Rh4
f5 22. Ne5 Rc7 23. Re1 Nd7 24. Nd3 e5 25. dxe5 Nxe5 26. Nxe5 Rxe5 27. Rc1 Rce7
28. Bd3 R7e6 29. g3 Qe7 30. Bf1 Re4 31. Rxe4 fxe4 32. Bh3 Rf6 33. Re1 Rd6 34.
Bf5 Nf6 35. Qc3 Kg8 36. Qc2 Rd5 37. Qxc6 Kg7 38. Bxe4 Re5 39. f3 Qb4 40. Qc3
Qxc3 41. bxc3 Rc5 42. Re3 Nxe4 43. fxe4 Kf6 44. Kf2 Ke5 45. Ke2 Rc4 46. Kd3 h5
47. Rf3 Ra4 48. Rf5+ Ke6 49. Rxh5 Rxa2 1-0

[Event "Moscow Open E"]
[Site "Moscow RUS"]
[Date "2011.01.29"]
[Round "1"]
[White "Turov, Maxim"]
[Black "Prikhodko, Anton"]
[Result "1-0"]
[WhiteTitle "GM"]
[WhiteElo "2631"]
[BlackElo "2070"]
[WhiteFideId "4120086"]
[BlackFideId "24115150"]
[EventDate "2011.01.29"]

1. d4 Nf6 2. c4 e6 3. Nc3 c5 4. d5 exd5 5. cxd5 d6 6. Nf3 g6 7. Bf4 a6 8. a4 Bg7
9. h3 O-O 10. e3 Re8 11. Nd2 Bf5 12. Be2 Ne4 13. Ndxe4 Bxe4 14. O-O Bf5 15. a5
Qc7 16. Na4 Nd7 17. g4 Be4 18. f3 g5 19. Bxg5 Bg6 20. Qd2 b5 21. axb6 Nxb6 22.
Nc3 Qb7 23. e4 Bd4+ 24. Kg2 Nd7 25. Be3 Bg7 26. Bf4 Bd4 27. Bxd6 Ne5 28. Na4
Rac8 29. Rac1 f5 30. Bxc5 Bxc5 31. Nxc5 Rxc5 32. Rxc5 fxe4 33. f4 e3 34. Qd4 Nd7
35. Rc6 1-0

[Event "Moscow Open E"]
[Site "Moscow RUS"]
[Date "2011.01.29"]
[Round "1"]
[White "Zaryvkina, Anastasia"]
[Black "Frolyanov, Dmitry"]
[Result "0-1"]
[BlackTitle "GM"]
[WhiteElo "2068"]
[BlackElo "2616"]
[WhiteFideId "24111660"]
[BlackFideId "4151976"]
[EventDate "2011.01.29"]

1. e4 c5 2. Nf3 e6 3. d4 cxd4 4. Nxd4 a6 5. Be3 Nf6 6. Bd3 e5 7. Nb3 d5 8. exd5
Nxd5 9. Bc4 Be6 10. Bxd5 Qxd5 11. O-O Qc6 12. f4 exf4 13. Bxf4 Be7 14. Kh1 O-O
15. Nd4 Qb6 16. Nxe6 fxe6 17. Nd2 Qxb2 18. Qg4 Nc6 19. Qxe6+ Kh8 20. Rab1 Qxc2
21. Rbc1 Qb2 22. h3 Rxf4 0-1

[Event "Moscow Open E"]
[Site "Moscow RUS"]
[Date "2011.01.29"]
[Round "1"]
[White "Matlakov, Maxim"]
[Black "Toder, Alexander"]
[Result "1-0"]
[WhiteTitle "GM"]
[WhiteElo "2616"]
[BlackElo "2067"]
[WhiteFideId "4168003"]
[BlackFideId "4102657"]
[EventDate "2011.01.29"]

1. d4 Nf6 2. Nf3 g6 3. Nbd2 d5 4. e3 Bg7 5. b4 O-O 6. Be2 Bg4 7. O-O Nbd7 8. c4
Re8 9. Bb2 e6 10. h3 Bxf3 11. Nxf3 Ne4 12. Qb3 Ndf6 13. Rac1 Nd6 14. cxd5 exd5
15. b5 Re6 16. Rc2 h6 17. Rfc1 Nde8 18. Ne5 Ne4 19. Bf3 f5 20. Bxe4 fxe4 21. Rc5
Rd6 22. Nxg6 Qg5 23. Rxd5 Rxd5 24. Qxd5+ Qxd5 25. Ne7+ Kf7 26. Nxd5 Rc8 27. f3
exf3 28. gxf3 1-0

[Event "Moscow Open E"]
[Site "Moscow RUS"]
[Date "2011.01.29"]
[Round "1"]
[White "Krutov, Sergey"]
[Black "Filippov, Anton UZB"]
[Result "0-1"]
[BlackTitle "GM"]
[WhiteElo "2066"]
[BlackElo "2604"]
[WhiteFideId "4194810"]
[BlackFideId "14200988"]
[EventDate "2011.01.29"]

1. e4 e5 2. Nf3 Nc6 3. Bb5 a6 4. Bxc6 dxc6 5. O-O Bg4 6. h3 Bxf3 7. Qxf3 Qf6 8.
d3 Qxf3 9. gxf3 Bd6 10. Nd2 Ne7 11. Nc4 Ng6 12. Nxd6+ cxd6 13. Kg2 f5 14. Rg1
O-O 15. Kf1 Nh4 16. Ke2 fxe4 17. fxe4 Nf3 18. Rg2 Nd4+ 19. Kd1 Rf3 20. Be3 Rxh3
21. Kd2 Nf3+ 22. Ke2 Rf8 23. Rg3 Rxg3 24. fxg3 Nh2 25. b4 Ng4 26. Bg1 Kf7 27. a4
Ra8 28. a5 h5 29. c4 g5 30. Rf1+ Kg6 31. Rf5 h4 32. gxh4 gxh4 33. Be3 Nxe3 34.
Kxe3 h3 35. Kf2 Rh8 36. Kg1 h2+ 37. Kh1 Rh3 38. c5 Rxd3 39. cxd6 Rxd6 40. Rxe5
Rd4 41. b5 cxb5 42. Re7 Kf6 43. Rxb7 Rxe4 44. Kxh2 Re7 45. Rb6+ Re6 46. Kg3 Ke5
47. Rb7 Kd5 48. Kf4 Kc5 49. Kf5 Rh6 50. Kg5 Rc6 51. Kf5 Kb4 52. Ke5 Kxa5 53. Kd5
Rc2 54. Rh7 b4 55. Kd4 Ka4 56. Kd3 Rc6 57. Rh1 b3 58. Ra1+ Kb4 59. Kd2 a5 60.
Ke1 0-1

[Event "Moscow Open E"]
[Site "Moscow RUS"]
[Date "2011.01.29"]
[Round "1"]
[White "Paster, Arkady M."]
[Black "Dvoirys, Semen I."]
[Result "0-1"]
[BlackTitle "GM"]
[WhiteElo "2062"]
[BlackElo "2590"]
[WhiteFideId "4183550"]
[BlackFideId "4100379"]
[EventDate "2011.01.29"]

1. e4 c5 2. Nf3 d6 3. d4 cxd4 4. Nxd4 Nf6 5. Nc3 a6 6. Be2 e5 7. Nb3 Be7 8. Be3
Be6 9. O-O Nbd7 10. f4 Rc8 11. Bd3 Ng4 12. Qe2 Nxe3 13. Qxe3 exf4 14. Qxf4 Ne5
15. h3 O-O 16. Kh1 Bf6 17. Rfd1 Ng6 18. Qe3 Bxc3 19. bxc3 Rxc3 20. Nd4 Ne5 21.
Nf3 Qc7 22. Nxe5 dxe5 23. Qe1 f6 24. a4 Rd8 25. Rdb1 Qc8 26. Rb6 Bxh3 27. Rab1
Bxg2+ 28. Kxg2 Qg4+ 29. Kf1 Qh3+ 30. Kg1 Rdxd3 31. cxd3 Rc2 0-1

[Event "Moscow Open E"]
[Site "Moscow RUS"]
[Date "2011.01.29"]
[Round "1"]
[White "Kryakvin, Dmitry"]
[Black "Terentyev, Vitaly"]
[Result "1-0"]
[WhiteTitle "GM"]
[WhiteElo "2586"]
[BlackElo "2062"]
[WhiteFideId "4153278"]
[BlackFideId "4146522"]
[EventDate "2011.01.29"]

1. d4 g6 2. c4 Bg7 3. Nf3 d6 4. e4 Nf6 5. Nc3 O-O 6. h3 e5 7. d5 Na6 8. Bg5 h6
9. Be3 Ne8 10. g4 f5 11. gxf5 gxf5 12. exf5 Bxf5 13. Rc1 Nc5 14. Rg1 Kh7 15. b4
Ne4 16. Nxe4 Bxe4 17. Bd3 Bxd3 18. Qxd3+ Kh8 19. Qe4 Rf7 20. Nh4 Qf6 21. Rg6 Qe7
22. Rxh6+ 1-0

[Event "Moscow Open E"]
[Site "Moscow RUS"]
[Date "2011.01.29"]
[Round "1"]
[White "Rychagov, Andrey"]
[Black "Kashin, Yury"]
[Result "1-0"]
[WhiteTitle "GM"]
[WhiteElo "2575"]
[BlackElo "2061"]
[WhiteFideId "4119932"]
[BlackFideId "4135288"]
[EventDate "2011.01.29"]

1. d4 e6 2. c4 d5 3. Nf3 f5 4. Bf4 Nf6 5. e3 c6 6. Bd3 Bd6 7. Bxd6 Qxd6 8. O-O
O-O 9. Qc2 Ng4 10. Nbd2 Na6 11. a3 Nc7 12. h3 Nh6 13. Rac1 Ne8 14. b4 Nf6 15.
Ne5 Bd7 16. Ndf3 Rac8 17. Qb2 Be8 18. cxd5 exd5 19. b5 Bh5 20. bxc6 bxc6 21. Qb4
Qe6 22. Ng5 Qe8 23. Ba6 Rb8 24. Qd6 Rb6 25. Rxc6 Rb8 26. Ne6 Nf7 27. Qxf8+ Qxf8
28. Nxf8 Rxf8 29. Rxf6 gxf6 30. Nd7 Nd6 31. Nxf8 Kxf8 32. Rc1 1-0

[Event "Moscow Open E"]
[Site "Moscow RUS"]
[Date "2011.01.30"]
[Round "2"]
[White "Meribanov, Vitaly"]
[Black "Khismatullin, Denis"]
[Result "0-1"]
[BlackTitle "GM"]
[WhiteElo "2262"]
[BlackElo "2649"]
[WhiteFideId "13504363"]
[BlackFideId "4142578"]

1. e4 c5 2. Nf3 d6 3. d4 cxd4 4. Nxd4 Nf6 5. Nc3 a6 6. Be2 Nbd7 7. Be3 e6 8. Qd2
b5 9. a3 Bb7 10. f3 Be7 11. g4 Nb6 12. h4 d5 13. g5 Nh5 14. Nb3 Ng3 15. Rg1 Nxe2
16. Qxe2 dxe4 17. Na5 Qc7 18. Nxb7 Qxb7 19. Nxe4 Rd8 20. Bc5 Qc7 21. Qf2 Nc4 22.
Bxe7 Kxe7 23. Qc5+ Qxc5 24. Nxc5 a5 25. Nd3 Rd4 26. f4 Ne3 27. Kd2 Nf5 28. h5 h6
29. g6 f6 30. Rae1 Rc8 31. Rg2 Rd5 32. Kd1 Rc4 33. Rge2 Rd6 34. Rd2 Ng3 35. b3
Rcd4 36. Kc1 Nxh5 37. Rf2 Ng3 38. Nc5 Rc6 39. Nb7 a4 40. b4 Ne4 41. Rfe2 f5 42.
Kb2 Kf6 0-1

[Event "Moscow Open E"]
[Site "Moscow RUS"]
[Date "2011.01.30"]
[Round "2"]
[White "Dzhangobegov, Vladimir"]
[Black "Turov, Maxim"]
[Result "0-1"]
[BlackTitle "GM"]
[WhiteElo "2259"]
[BlackElo "2631"]
[WhiteFideId "4180984"]
[BlackFideId "4120086"]
[EventDate "2011.01.29"]

1. e4 c6 2. d4 d5 3. exd5 cxd5 4. c4 Nf6 5. Nc3 e6 6. Nf3 Bb4 7. cxd5 Nxd5 8.
Bd2 Nc6 9. Bd3 Be7 10. O-O O-O 11. Re1 Bf6 12. Nxd5 Qxd5 13. Bc3 Rd8 14. Be4 Qd6
15. Qd3 h6 16. Rad1 Nb4 17. Qb1 Nd5 18. Ne5 b6 19. Rd3 Ba6 20. Rf3 Rac8 21. Bh7+
Kf8 22. Bd2 Rc7 23. a3 Bb7 24. Rg3 Rdc8 25. Qd1 a5 26. Qh5 Bxe5 27. dxe5 Qc6 28.
Rxg7 Kxg7 29. Qxh6+ Kh8 30. Bg6+ Kg8 31. Bh7+ Kh8 32. Bg6+ Kg8 33. Qh7+ Kf8 34.
Bh6+ Ke8 35. Qg8+ Kd7 36. Qxf7+ Kd8 37. Qf8+ Kd7 38. Qf7+ Kd8 39. Bg5+ Re7 40.
Bxe7+ Nxe7 41. Qf8+ Kd7 42. Rd1+ Nd5 43. Qf7+ Kd8 44. h4 Qd7 45. Qf3 Qg7 46.
Qf6+ Qe7 47. h5 Kd7 48. h6 Rf8 49. Qxe7+ Kxe7 50. Be4 Rh8 51. Rc1 Rxh6 52. Bxd5
Bxd5 53. Rc7+ Kd8 54. Rg7 Rh5 55. f4 Rh4 56. g4 Bf3 57. Kf2 Rxg4 58. Rf7 Be4 59.
b4 axb4 60. axb4 Ke8 61. Rc7 Rxf4+ 62. Ke3 Rg4 63. b5 Bd5 0-1

[Event "Moscow Open E"]
[Site "Moscow RUS"]
[Date "2011.01.30"]
[Round "2"]
[White "Filippov, Anton UZB"]
[Black "Denisov, Ivan"]
[Result "1/2-1/2"]
[WhiteTitle "GM"]
[WhiteElo "2604"]
[BlackElo "2251"]
[WhiteFideId "14200988"]
[BlackFideId "24119466"]
[EventDate "2011.01.29"]

1. e4 c5 2. Nf3 d6 3. d4 cxd4 4. Nxd4 Nf6 5. Nc3 a6 6. Be2 e5 7. Nb3 Be7 8. Bg5
Nbd7 9. Qd2 b5 10. a3 Bb7 11. f3 O-O 12. O-O-O Rc8 13. h4 Qc7 14. Kb1 Rfd8 15.
g4 d5 16. exd5 Bxd5 17. Nxd5 Nxd5 18. Bxe7 Nxe7 19. Bd3 Nb6 20. Qe2 Ned5 21. Bf5
Na4 22. Rxd5 Rxd5 23. Bxc8 Qxc8 24. Rd1 Qd8 25. Rxd5 Qxd5 26. Qd2 Qxd2 27. Nxd2
f6 28. c4 bxc4 29. Nxc4 h5 30. Ne3 g5 31. hxg5 h4 32. gxf6 h3 33. Nf1 Kf7 34.
Kc2 Kxf6 35. b3 Nb6 36. Kd3 Nd5 37. b4 Nb6 38. Nh2 Kg5 39. Ke2 Kf4 40. Kf2 Na4
41. g5 Kxg5 42. Kg3 Nc3 43. Nf1 Ne2+ 44. Kxh3 Kf4 45. Nd2 Ke3 46. Nc4+ Kxf3 47.
Nxe5+ Ke4 48. Nd7 Kd5 49. Nb8 Kc4 50. Nxa6 Kb3 51. b5 Kxa3 52. b6 Nd4 53. Nc5
Nc6 54. b7 Kb4 55. Ne6 Kb5 56. Nd4+ Kb6 57. Nxc6 Kxb7 1/2-1/2

[Event "Moscow Open E"]
[Site "Moscow RUS"]
[Date "2011.01.30"]
[Round "2"]
[White "Korennoi, Viktor"]
[Black "Burmakin, Vladimir"]
[Result "0-1"]
[BlackTitle "GM"]
[WhiteElo "2250"]
[BlackElo "2603"]
[WhiteFideId "24110140"]
[BlackFideId "4105109"]
[EventDate "2011.01.29"]

1. d4 d5 2. c4 e6 3. Nc3 Be7 4. Nf3 Nf6 5. Bg5 h6 6. Bh4 O-O 7. Rc1 b6 8. e3 Bb7
9. cxd5 exd5 10. Bd3 Nbd7 11. O-O c5 12. dxc5 bxc5 13. Bb1 Re8 14. Qc2 d4 15.
exd4 Bxf3 16. gxf3 cxd4 17. Nd5 Nf8 18. Nc7 Rc8 19. Qa4 Rxc7 20. Rxc7 Qxc7 21.
Bxf6 Rd8 22. Bxd4 Qf4 23. Be4 Bd6 24. Rd1 Qxh2+ 25. Kf1 Ne6 26. Be3 Rb8 27. b3
Bc5 28. Bd5 Bxe3 29. fxe3 Rc8 30. b4 Ng5 31. Bc6 Nh3 0-1

[Event "Moscow Open E"]
[Site "Moscow RUS"]
[Date "2011.01.30"]
[Round "2"]
[White "Volkov, Sergey"]
[Black "Yudin, Ivan"]
[Result "1-0"]
[WhiteTitle "GM"]
[WhiteElo "2602"]
[BlackElo "2250"]
[WhiteFideId "4122763"]
[BlackFideId "4198751"]
[EventDate "2011.01.29"]

1. d4 d5 2. c4 e6 3. Nc3 Be7 4. Nf3 Nf6 5. Bg5 O-O 6. e3 Nbd7 7. cxd5 Nxd5 8.
Bxe7 Qxe7 9. Bd3 Nxc3 10. bxc3 c5 11. O-O b6 12. a4 Rb8 13. Qc2 h6 14. e4 cxd4
15. cxd4 e5 16. Bb5 exd4 17. Nxd4 Ne5 18. Qb2 a6 19. Be2 Qb7 20. f4 Ng6 21. Nf5
Bxf5 22. exf5 Nh4 23. Bg4 Qd5 24. f6 g6 25. f5 gxf5 26. Bh3 Rfd8 27. Kh1 Qd4 28.
Qe2 Qxf6 29. Qxa6 f4 30. a5 Kg7 31. Rab1 bxa5 32. Qxf6+ Kxf6 33. Rxf4+ Ke5 34.
Rbf1 Rb4 35. Rxf7 a4 36. g3 Ng6 37. R7f5+ Kd6 38. Rf6+ Kc7 39. Rxg6 a3 40. Ra6
Rb3 41. Bg2 Rd7 42. Bc6 Rd2 43. Rf7+ 1-0

[Event "Moscow Open E"]
[Site "Moscow RUS"]
[Date "2011.01.30"]
[Round "2"]
[White "Vorobjov, Denis S."]
[Black "Chernyshov, Konstantin"]
[Result "0-1"]
[BlackTitle "GM"]
[WhiteElo "2248"]
[BlackElo "2597"]
[WhiteFideId "4180682"]
[BlackFideId "4117328"]
[EventDate "2011.01.29"]

1. d4 e6 2. Nf3 f5 3. c4 Nf6 4. Nc3 b6 5. g3 Bb7 6. Bg2 Bb4 7. O-O O-O 8. Qc2
Bxc3 9. Qxc3 Qe7 10. b4 a5 11. b5 d6 12. a4 Nbd7 13. Ba3 Ne4 14. Qc2 e5 15. Nxe5
Nxe5 16. dxe5 Qxe5 17. e3 Rae8 18. Bb2 Qe7 19. Rad1 Qd8 20. f3 Nc5 21. Bd4 Ne6
22. Rde1 Re7 23. f4 Qa8 24. Bxb7 Qxb7 25. Qg2 Qxg2+ 26. Kxg2 Rfe8 27. Kf2 Kf7
28. h4 Kg6 29. Bc3 Nc5 30. Kf3 h5 31. Re2 Nxa4 32. Bd4 Re4 33. Rd1 Kf7 34. Rd3
g6 35. Ra2 Nc5 36. Bxc5 dxc5 37. Rd7+ R8e7 38. Rxe7+ Kxe7 39. Rc2 c6 40. bxc6
Kd6 41. Ke2 Kxc6 42. Kd3 b5 43. cxb5+ Kxb5 44. Rd2 a4 0-1

[Event "Moscow Open E"]
[Site "Moscow RUS"]
[Date "2011.01.30"]
[Round "2"]
[White "Amonatov, Farrukh"]
[Black "Pletnev, Evgeniy"]
[Result "1-0"]
[WhiteTitle "GM"]
[WhiteElo "2590"]
[BlackElo "2245"]
[WhiteFideId "14700077"]
[BlackFideId "24104140"]
[EventDate "2011.01.29"]

1. e4 Nc6 2. Nf3 d6 3. d4 Nf6 4. d5 Ne5 5. Nxe5 dxe5 6. Nc3 a6 7. Bc4 Qd6 8. O-O
e6 9. Qf3 exd5 10. Nxd5 Nxd5 11. Bxd5 Qg6 12. Qc3 Bd6 13. f4 f6 14. f5 Qh5 15.
Be3 Ke7 16. Rad1 Rd8 17. Bc5 g6 18. Bxd6+ cxd6 19. Rd3 gxf5 20. Rh3 Qg6 21. exf5
Bxf5 22. Rg3 1-0

[Event "Moscow Open E"]
[Site "Moscow RUS"]
[Date "2011.01.31"]
[Round "3"]
[White "Turov, Maxim"]
[Black "Zakharov, Alexander"]
[Result "1-0"]
[WhiteTitle "GM"]
[BlackTitle "IM"]
[WhiteElo "2631"]
[BlackElo "2395"]
[WhiteFideId "4120086"]
[BlackFideId "4103564"]
[EventDate "2011.01.29"]

1. d4 Nf6 2. c4 e6 3. Nc3 Bb4 4. Qc2 O-O 5. a3 Bxc3+ 6. Qxc3 d5 7. Bg5 c5 8.
dxc5 d4 9. Qg3 Nbd7 10. O-O-O e5 11. e3 Qa5 12. Bh6 Nh5 13. Qg5 Nxc5 14. Qxh5 g6
15. Qh4 Bf5 16. e4 Bxe4 17. Rd2 f6 18. Kd1 Rf7 19. Ke1 g5 20. Qg3 d3 21. Qe3 Nb3
22. Nf3 Rd8 23. Qxe4 Nxd2 24. Nxd2 f5 25. Qf3 g4 26. Qg3 Qb6 27. Qe3 Rd4 1-0

[Event "Moscow Open E"]
[Site "Moscow RUS"]
[Date "2011.01.31"]
[Round "3"]
[White "Gorbatov, Alexej"]
[Black "Frolyanov, Dmitry"]
[Result "0-1"]
[WhiteTitle "IM"]
[BlackTitle "GM"]
[WhiteElo "2395"]
[BlackElo "2616"]
[WhiteFideId "4111834"]
[BlackFideId "4151976"]
[EventDate "2011.01.29"]

1. c4 e6 2. Nc3 d5 3. d4 c6 4. e3 Nf6 5. Bd2 Nbd7 6. Rc1 a6 7. a3 dxc4 8. Bxc4
b5 9. Be2 c5 10. Bf3 Rb8 11. Nge2 Bd6 12. Ng3 O-O 13. Nce4 Bxg3 14. hxg3 cxd4
15. exd4 Bb7 16. Nc5 Bxf3 17. Qxf3 Rc8 18. g4 Rxc5 19. dxc5 Ne5 20. Qh3 Nd3+ 21.
Ke2 Nxf2 22. Qf3 Nxh1 23. Rxh1 Qd4 24. Bc3 Qxc5 25. Bxf6 gxf6 26. Qxf6 Rc8 27.
Kf3 Qd5+ 28. Kg3 Rc2 29. Rg1 a5 30. Kh4 h6 31. Qxh6 Qe5 32. Kh3 Qh8 33. Qxh8+
Kxh8 34. Rb1 Kg7 35. g3 a4 36. b4 Rc3 37. Re1 Kf6 38. Kh4 e5 39. g5+ Ke6 40. Rf1
Rxa3 41. Rf6+ Ke7 42. Rb6 Rb3 43. Rxb5 Kd6 44. g4 e4 45. Ra5 a3 46. g6 fxg6 47.
g5 e3 48. Kg3 Rb1 49. Kf3 Ra1 50. Kxe3 a2 0-1

[Event "Moscow Open E"]
[Site "Moscow RUS"]
[Date "2011.01.31"]
[Round "3"]
[White "Bocharov, Dmitry"]
[Black "Potapov, Alexey"]
[Result "1/2-1/2"]
[WhiteTitle "GM"]
[BlackTitle "IM"]
[WhiteElo "2605"]
[BlackElo "2383"]
[WhiteFideId "4138716"]
[BlackFideId "4182138"]
[EventDate "2011.01.29"]

1. d4 Nf6 2. c4 g6 3. g3 Bg7 4. Bg2 d6 5. Nc3 O-O 6. Nf3 Nc6 7. O-O a6 8. e3 Rb8
9. Qe2 Bg4 10. h3 Bd7 11. b3 Qc8 12. Kh2 b5 13. Bb2 Na5 14. Nd5 Qd8 15. Qd2 c6
16. Nxf6+ Bxf6 17. Bc3 Nb7 18. e4 bxc4 19. bxc4 c5 20. d5 Bxc3 21. Qxc3 Qa5 22.
Qe3 f6 23. Nd2 Nd8 24. f4 Nf7 25. Rf2 Kg7 26. a3 Ba4 27. Raf1 Rb2 28. e5 Rfb8
29. exf6+ exf6 30. Ne4 R2b3 31. Qc1 Rd3 32. Rb2 Qd8 33. Re1 Rxb2 34. Qxb2 Rb3
35. Qa1 Rd3 36. Bf1 Rd4 37. Qc3 h5 38. Bd3 h4 39. g4 Bd7 40. Kg2 f5 41. Nf2 fxg4
42. hxg4 Qf6 43. Re4 g5 44. f5 Rxe4 45. Nxe4 Qxc3 46. Nxc3 Kf6 47. Bc2 Ke5 48.
Ne2 Nh6 49. Kh3 Nxf5 50. gxf5 Bxf5+ 51. Bxf5 Kxf5 52. Nc3 Kf4 53. Nb1 Ke3 54. a4
Kd3 55. Na3 a5 56. Kg4 Kc3 57. Nb5+ Kxc4 58. Nxd6+ Kxd5 59. Nb7 c4 60. Nxa5 Kc5
61. Nb7+ Kb6 62. Nd6 c3 63. Nc4+ Kc5 64. Ne3 Kd4 65. Nc2+ Kc4 66. Ne3+ Kc5 67.
a5 Kb5 68. a6 Kxa6 69. Nd5 Kb5 1/2-1/2

[Event "Moscow Open E"]
[Site "Moscow RUS"]
[Date "2011.01.31"]
[Round "3"]
[White "Burmakin, Vladimir"]
[Black "Gabuzyan, Hovhannes"]
[Result "1/2-1/2"]
[WhiteTitle "GM"]
[WhiteElo "2603"]
[BlackElo "2380"]
[WhiteFideId "4105109"]
[BlackFideId "13303732"]
[EventDate "2011.01.29"]

1. d4 Nf6 2. Nf3 g6 3. g3 Bg7 4. Bg2 O-O 5. O-O d6 6. c4 Nbd7 7. Nc3 e5 8. h3
Re8 9. e4 exd4 10. Nxd4 c6 11. Re1 a5 12. Bf4 Nc5 13. Nb3 Ne6 14. Bxd6 a4 15.
Nc5 Ng5 16. h4 Nh3+ 17. Bxh3 Bxh3 18. e5 Ng4 19. Nd3 Nh6 20. Ne4 Bg4 21. Qd2 Nf5
22. Qf4 h5 23. c5 Bh6 24. Ng5 Bxg5 25. hxg5 Ng7 26. Qe3 Nf5 27. Qf4 Ng7 28. Qf6
Ne6 29. Qxd8 Rexd8 30. Re3 Nxg5 31. Rc1 Ne6 32. Rc4 a3 33. b3 Bf5 34. Nc1 Bb1
35. Re2 g5 36. f3 Kg7 37. Rd2 Ra5 38. Re2 Kg6 39. Kf2 Bf5 40. Ke1 g4 41. fxg4
hxg4 42. Rf2 Rh8 43. Ne2 Rh1+ 44. Kd2 Ra1 45. Nc3 Ra8 46. Be7 Rh8 47. Bh4 Ng5
48. Rxf5 Kxf5 49. Rf4+ Kxe5 50. Bxg5 Rh2+ 51. Kd3 f5 52. Ra4 Rf1 53. Bf4+ Ke6
54. Rxa3 Rf3+ 55. Kd4 Rc2 56. b4 Rxf4+ 57. gxf4 g3 58. Nb1 Rc1 59. Rxg3 Rxb1 60.
a3 Rf1 61. Rg6+ Kf7 62. Rh6 Rxf4+ 63. Ke5 Rf3 64. Rh7+ Kg6 65. Rxb7 Rxa3 66. Rb6
Re3+ 67. Kd4 Re4+ 68. Kc3 Kf7 69. Rxc6 f4 70. Rc7+ Ke6 71. Rc6+ Ke7 72. Rc7+ Ke6
73. Rc8 Ke7 74. Rh8 f3 75. Rh2 Rf4 76. Rf2 Ke6 1/2-1/2

[Event "Moscow Open E"]
[Site "Moscow RUS"]
[Date "2011.01.31"]
[Round "3"]
[White "Pushin, Vladimir"]
[Black "Volkov, Sergey"]
[Result "1/2-1/2"]
[WhiteTitle "FM"]
[BlackTitle "GM"]
[WhiteElo "2395"]
[BlackElo "2602"]
[WhiteFideId "4177673"]
[BlackFideId "4122763"]
[EventDate "2011.01.29"]

1. d4 d5 2. c4 e6 3. Nc3 c6 4. e3 f5 5. Bd3 Nf6 6. Nge2 Bd6 7. f3 O-O 8. Qc2 Na6
9. a3 dxc4 10. Bxc4 b5 11. Ba2 Kh8 12. O-O Qe7 13. b4 Nc7 14. Bd2 a5 15. Rfb1
axb4 16. axb4 Na6 17. Nd1 Nxb4 18. Bxb4 Bxb4 19. Qxc6 Bd7 20. Qc2 Rfc8 21. Qb2
Ba3 22. Qd2 e5 23. Ndc3 exd4 24. exd4 Bb4 25. Qd3 Ra3 26. Bb3 Bxc3 27. Nxc3 b4
28. Rxa3 bxa3 29. Ba2 h6 30. Kf2 Qd6 31. Ne2 Ra8 32. g3 Nd5 33. Qc4 Be6 34. Qc5
Qd7 35. Rb3 Qa7 36. Rb1 Qf7 37. Qd6 f4 38. Rb8+ Rxb8 39. Qxb8+ Kh7 40. Qd6 Qf5
41. Bxd5 Bxd5 42. Qxa3 Bc4 43. Nxf4 Qc2+ 44. Ke3 Qxh2 45. Qc3 Qg1+ 46. Ke4 Bf7
47. Ne2 Qf2 48. Qe3 Bd5+ 49. Kd3 Qxf3 50. Qxf3 Bxf3 51. Ke3 Bb7 52. Kf4 Kg6 53.
Ke5 Kg5 54. d5 Kg4 55. d6 Bc8 56. Nd4 h5 57. Ne6 g5 58. Kf6 h4 59. gxh4 gxh4 60.
Ng5 Kh5 61. Nf3 h3 62. Ke5 Kg4 63. Ke4 Kg3 64. Ke3 Bg4 65. Nd2 Bd7 66. Nf3 Bb5
67. Ke4 Bc6+ 68. Ke3 Bb5 69. Ke4 Ba4 70. Ke3 Bc6 71. Nd2 Kg2 72. Nf3 Bb5 73.
Ne1+ Kf1 74. Nf3 Bc6 75. Nh2+ Kg1 76. Nf3+ Bxf3 77. d7 h2 78. d8=Q h1=Q 79. Qg5+
Bg2 80. Qc5 Qh6+ 81. Ke2+ Kh1 82. Qe3 Qd6 83. Qd2 Qa6+ 84. Ke3 Kh2 85. Qd4 Qa3+
86. Kd2 Qa2+ 87. Ke3 Qe6+ 88. Kd2 Qh6+ 89. Ke2 Qh5+ 90. Kd2 Qg5+ 91. Ke2 Bd5 92.
Qf2+ Bg2 93. Qd4 Qh5+ 94. Kd2 Bf3 95. Qf2+ Kh3 96. Qf1+ Bg2 97. Qd3+ Kh2 98. Qd4
Bd5 99. Qf2+ Kh3 100. Qf1+ Kg4 101. Qd1+ Bf3 102. Qg1+ Kh3 103. Qf1+ Kh2 104.
Qf2+ Bg2 1/2-1/2

[Event "Moscow Open E"]
[Site "Moscow RUS"]
[Date "2011.01.31"]
[Round "3"]
[White "Chernyshov, Konstantin"]
[Black "Gerasimov, Ivan"]
[Result "1-0"]
[WhiteTitle "GM"]
[BlackTitle "FM"]
[WhiteElo "2597"]
[BlackElo "2375"]
[WhiteFideId "4117328"]
[BlackFideId "4196562"]
[EventDate "2011.01.29"]

1. f4 c5 2. Nf3 g6 3. e4 Bg7 4. Nc3 Nc6 5. Bb5 a6 6. Bxc6 bxc6 7. d3 Nh6 8. O-O
d6 9. Qe1 f5 10. h3 O-O 11. Be3 Rb8 12. b3 Nf7 13. Rd1 Qc7 14. Na4 Nd8 15. c4
Ne6 16. exf5 gxf5 17. d4 cxd4 18. Nxd4 Nxd4 19. Bxd4 Bxd4+ 20. Rxd4 c5 21. Rd3
Bb7 22. Nc3 Rf6 23. Rf2 e6 24. Re3 Kf7 25. Rfe2 Qc6 26. Qh4 Rg8 27. Nd5 1-0

[Event "Moscow Open E"]
[Site "Moscow RUS"]
[Date "2011.01.31"]
[Round "3"]
[White "Terentjev, Vladislav"]
[Black "Dvoirys, Semen I."]
[Result "1/2-1/2"]
[WhiteTitle "FM"]
[BlackTitle "GM"]
[WhiteElo "2376"]
[BlackElo "2590"]
[WhiteFideId "24120308"]
[BlackFideId "4100379"]
[EventDate "2011.01.29"]

1. c4 e5 2. Nf3 Nc6 3. Nc3 g6 4. d4 exd4 5. Nxd4 Bg7 6. Nxc6 bxc6 7. g3 Rb8 8.
Bg2 Ba6 9. Qa4 Qc8 10. O-O Nf6 11. b3 O-O 12. Bh3 Re8 13. Be3 Re5 14. Bd4 Rh5
15. Bg2 d6 16. Rad1 Bb7 17. c5 dxc5 18. Bxf6 Bxf6 19. Ne4 Bg7 20. Rc1 Ba6 21.
Rxc5 Bxe2 22. Rfc1 Rxc5 23. Nxc5 Qd8 24. Qf4 Qd6 25. Qe3 Bg4 26. Ne4 Qa3 27. h3
Be6 28. Rxc6 Qxa2 29. Rxc7 Qa1+ 30. Kh2 Bd4 31. Qh6 Bg7 32. Qe3 Qd4 33. Nc5 Qxe3
34. fxe3 Bxb3 35. Rxa7 Bc4 36. Ra8 Rxa8 37. Bxa8 Kf8 38. Kg2 Ke7 39. Kf2 Bc3 40.
Ne4 Bb4 41. g4 h6 42. Bb7 Ke6 43. Ng3 Be7 44. Kf3 Bb3 45. Ne2 Bd1 46. Ba6 Kd5
47. Bd3 Bh4 48. Kg2 Ke6 49. Nf4+ Kf6 50. Be4 Ba4 51. Bd5 Be1 52. Nd3 Ba5 53. Nb2
Be8 54. Nc4 Bc7 55. e4 Ke7 56. e5 Ba4 57. Kf3 Bd1+ 58. Ke3 Bb3 59. Ke4 Ba4 60.
Ne3 Bb6 61. Nc4 Bc2+ 62. Kf4 Bg1 63. Na5 Bh2+ 64. Ke3 Ba4 65. Ke4 Bg3 66. Nc6+
Kf8 67. Nd8 Be8 68. Bc6 Bh4 69. Kd4 1/2-1/2